Cơ học

Guardat en:
Dades bibliogràfiques
Autor principal: Nguyễn Hữu Xý
Format: Llibre
Idioma:Undetermined
Publicat: Hà Nội ĐH và THCN 1985
Matèries:
Etiquetes: Afegir etiqueta
Sense etiquetes, Sigues el primer a etiquetar aquest registre!
Thư viện lưu trữ: Trung tâm Học liệu Trường Đại học Cần Thơ
LEADER 00465nam a2200169Ia 4500
001 CTU_2522
008 210402s9999 xx 000 0 und d
082 |a 531 
082 |b X600/T1 
100 |a Nguyễn Hữu Xý 
245 0 |a Cơ học 
245 0 |c Nguyễn Hữu Xý, Nguyễn Văn Thỏa 
260 |a Hà Nội 
260 |b ĐH và THCN 
260 |c 1985 
650 |a mechanics 
980 |a Trung tâm Học liệu Trường Đại học Cần Thơ